000 00202 a2200097 4500
020 _a9780836880014
041 _aspa
100 _aRausch,Monica L.
245 _aLos hermanos Wright y el avion
942 _cBK
999 _c8843
_d8843